Anak burung belatuk (1)

Bibliographic Details
Format: Book
Published: Kuala Lumpur : Penerbitan Fargoes Sdn. Bhd , 1996
Series:Siri keikhlasan budi
Subjects:

MARC

LEADER 00000cam a2200000 7i4500
001 0000065481
005 20160817.0
008 160817
020 |a 9679276945 
020 |a 9789679276947 
090 0 0 |a JAW 
245 0 0 |a Anak burung belatuk (1) 
260 |a Kuala Lumpur :   |b Penerbitan Fargoes Sdn. Bhd ,   |c 1996 
300 |a [s.n.] :   |b col., ill ;   |c 25.6cm. 
490 1 |a Siri keikhlasan budi 
500 |a Children ages 7-9 years old (orange) 
650 0 |a Jawi 
999 |a 0000441742   |b Book   |c Children Collection   |e Cawangan Bandar Penawar 
999 |a 0000441753   |b Book   |c Children Collection   |e Cawangan Pontian 
999 |a 0000766427   |b Book   |c Children Collection   |e Cawangan Bandar Penawar 
999 |a 0000774892   |b Book   |c Children Collection   |e Cawangan Pontian 
999 |a 0000774893   |b Book   |c Children Collection   |e Cawangan Pontian 
999 |a 0000774895   |b Book   |c Children Collection   |e Cawangan Pontian 
999 |a 0000774896   |b Book   |c Children Collection   |e Cawangan Pontian 
999 |a 0000788077   |b Book   |c Children Collection   |e Cawangan Segamat 
999 |a 0000788078   |b Book   |c Children Collection   |e Cawangan Segamat 
999 |a 0000874300   |b Book   |c Children Collection   |e Cawangan Pontian 
999 |a 0001214947   |b Book   |c Children Collection   |e Cawangan Taman Universiti 
999 |a 0001214948   |b Book   |c Children Collection   |e Cawangan Tmn. Ungku Tun Aminah 
999 |a 0001214949   |b Book   |c Children Collection   |e Cawangan Segamat 
999 |a 0001214950   |b Book   |c Children Collection   |e Cawangan Pontian 
999 |a 0001214951   |b Book   |c Children Collection   |e Cawangan Bukit Gambir 
999 |a 0001214953   |b Book   |c Children Collection   |e Cawangan Taman Universiti